| 000 | 00465nam a2200169Ia 4500 | ||
|---|---|---|---|
| 003 | 0STCL | ||
| 008 | 150530s9999 xx 000 0 und d | ||
| 040 |
_aSTCL _cSTCL |
||
| 100 | _aVijayanunni,M. | ||
| 245 | _aCensus of India 1991 series 12 Kerala Part-III B series (Economic Tables) Vol-1 | ||
| 260 |
_bDirector of Census Operations; Kerala _c1998 _aKerala |
||
| 300 | _a0 | ||
| 546 | _aEnglish | ||
| 942 |
_2ddc _cBK |
||
| 999 |
_c15167 _d15167 |
||
| 005 | 20220125165725.0 | ||